Quiz de Opción Múltiple - Manchester - Estadísticas

Estadísticas generales
  • Esta prueba ha sido intentada 13 veces
  • La puntuación promedio es 5 de 10
Estadísticas de respuestas
Pregunta Respuesta % Correcto
¿Cuál es el estadio local del Manchester United FC? Old Trafford
83%
¿Cuál de estas bandas es de Manchester? Oasis
67%
¿Por qué era conocida Emmeline Pankhurst? Luchando por el derecho al voto de las mujeres
58%
¿Qué concierto fue bombardeado por un terrorista afiliado a ISIS en 2017? Ariana Grande
50%
¿Qué avance científico realizó Ernest Rutherford en la Universidad de Manchester en 1917? División del átomo
50%
A Manchester se le ha llamado la cuna de... la Revolución Industrial
50%
¿Por qué industria era más conocido Manchester en el siglo XIX? Fábricas textiles
33%
¿Cuál de estos superhéroes fue interpretado por un actor nacido en Manchester? Superman
33%
¿Qué río atraviesa la ciudad de Manchester? Irwell
17%
¿Qué periódico famoso en Internet fue fundado en Manchester en 1821? The Guardian
17%
No se encontraron pruebas coincidentes
Distribución de puntuación
Porcentaje de gente con cada puntuación
Porcentaje por número respondido
Historial de tus puntuaciones
No has intentado esta prueba.